00774nam a2200265Ia 450000100060000000300090000600800410001504000130005604000130006904100130008210000230009510000290011824000170014724000350016424500270019924500250022625000110025126000110026226000140027326000490028730000590033650000490039565000330044465000310047739968IT-RoPAU130308s9999 xx 000 0 und d aIT-RoPAU cIT-RoPAU aITALIANO aCoxe George Harmon gCodice Aut. SPICS: 18258 aMURDER MIXUP gCodice Tit. Orig. Spics: T0140 aUn cocktail di delitti bScuola dei duri (La) a1a ed. aVERONA bMondadori c1969 [1° Ed.:1969 - Ed.Ling.Originale:1964] a"37 p. (prefazione: no ; testo: 37 [pagine: 429-465])" aTesto del Fumetto Traduzione di Moma Carones aSTORIA NAZIONALE DEL FUMETTO eCodice materia Spics: 6709